000 00314nam a2200109Ia 4500
008 240731s9999 xx 000 0 und d
245 0 _aChartered Institute of Public Finance and Accountancy. Public Money
260 _bRoutledge
856 _uhttps://www.tandfonline.com/loi/rpmm19
942 _2ddc
942 _cTFEJ
999 _c75807
_d75807
945 _a1
_bMadushi Gamage
_c1
_dMadushi Gamage